[Event "IND-ch Challengers (Women) 43rd"]
[Site "Chennai"]
[Date "2016.06.25"]
[Round "11"]
[White "Chitlange, Sakshi"]
[Black "Bala, Kannamma P"]
[Result "0-1"]
[WhiteElo "1960"]
[BlackElo "2033"]
[PlyCount "190"]
[EventDate "2016.06.17"]
[EventType "swiss"]
[EventRounds "11"]
[EventCountry "IND"]
[SourceTitle "CBM 173 Extra"]
[Source "ChessBase"]
[SourceDate "2016.08.29"]
[SourceVersion "1"]
[SourceVersionDate "2016.08.29"]
[SourceQuality "1"]

1. d4 Nf6 2. g3 d5 3. c4 c6 4. Bg2 Bf5 5. Nf3 e6 6. Nc3 Nbd7 7. Qb3 Qb6 8. c5 Qxb3 9. axb3 e5 10. e3 e4 11. Nd2 a6 12. b4 Rc8 13. Nb3 Be7 14. Na5 Rb8 15. Bf1 Bd8 16. Bd2 0-0 17. h3 Bc7 18. Be2 Be6 19. Kf1 Ne8 20. Kg2 f5 21. Nxc6 bxc6 22. Rxa6 Rxb4 23. Na4 Rb7 24. Rxc6 Kf7 25. Rxe6 Kxe6 26. c6 Rb8 27. cxd7 Kxd7 28. Nc5+ Ke7 29. Rb1 Bd6 30. b4 Nf6 31. b5 Nd7 32. Na6 Rb7 33. Rb2 Rc8 34. Kf1 Ke6 35. Ke1 Nb6 36. Bb4 Bxb4+ 37. Rxb4 Nd7 38. Kd2 Kd6 39. Rb1 g6 40. Rb2 Nb6 41. Rb1 Nc4+ 42. Kd1 Rb6 43. Rb3 Ra8 44. Kc2 Rc8 45. Kd1 g5 46. Rb1 h6 47. Rb3 Rcb8 48. Kc2 f4 49. Nc5 fxg3 50. fxg3 Re8 51. h4 gxh4 52. gxh4 Rbb8 53. Kd1 Nb6 54. h5 Ra8 55. Na6 Rg8 56. Rc3 Rgc8 57. Rb3 Ra7 58. Kd2 Nc4+ 59. Ke1 Rg7 60. Nc5 Rxc5 61. dxc5+ Kxc5 62. b6 Nxb6 63. Rb5+ Kc6 64. Ra5 Rg5 65. Kf2 Rf5+ 66. Ke1 Rf6 67. Ra7 Kd6 68. Rb7 Nd7 69. Ra7 Nc5 70. Ra8 Ke5 71. Re8+ Re6 72. Rd8 Nb7 73. Ra8 Nd6 74. Ra5 Nf5 75. Kd2 Rb6 76. Ra2 Rb3 77. Ra8 Nxe3 78. Ra6 Nf5 79. Bg4 Nd6 80. Ra7 Kd4 81. Be6 Nc4+ 82. Kd1 Rb1+ 83. Ke2 Rh1 84. Bf7 Rh2+ 85. Kf1 e3 86. Rd7 Nb6 87. Rd6 Rf2+ 88. Ke1 Rxf7 89. Rxb6 Ra7 90. Rb4+ Kd3 91. Rb3+ Ke4 92. Ke2 Ra2+ 93. Ke1 d4 94. Rb6 Kf3 95. Rb4 Ra1+ 0-1

[Event "IND-ch Challengers (Women) 43rd"]
[Site "Chennai"]
[Date "2016.06.20"]
[Round "5"]
[White "Bala, Kannamma P"]
[Black "Pratyusha, Bodda"]
[Result "1-0"]
[WhiteElo "2033"]
[BlackElo "2346"]
[PlyCount "77"]
[EventDate "2016.06.17"]
[EventType "swiss"]
[EventRounds "11"]
[EventCountry "IND"]
[SourceTitle "CBM 173 Extra"]
[Source "ChessBase"]
[SourceDate "2016.08.29"]
[SourceVersion "1"]
[SourceVersionDate "2016.08.29"]
[SourceQuality "1"]

1. e4 e5 2. Nf3 Nc6 3. d4 exd4 4. Bc4 Nf6 5. 0-0 d6 6. Nxd4 Be7 7. Nxc6 bxc6 8. Nc3 0-0 9. Bf4 Nd7 10. Ne2 Nb6 11. Bd3 Bf6 12. c3 a5 13. Qc2 g6 14. Rad1 Bg7 15. c4 Nd7 16. b3 Qe7 17. Be3 c5 18. Kh1 Ne5 19. Bf4 Nc6 20. Qd2 a4 21. bxa4 Rxa4 22. Nc3 Ra3 23. Nd5 Qd8 24. Bb1 Nd4 25. Bg5 f6 26. Be3 Nc6 27. f4 f5 28. e5 Be6 29. Rfe1 Na5 30. Qc1 Ra4 31. Nc3 Rxc4 32. a3 Qh4 33. Ba2 dxe5 34. Bxc4 Nxc4 35. Bxc5 Rb8 36. Nd5 Nb2 37. Be7 Qg4 38. Qxc7 Nxd1 39. Nf6+ 1-0

[Event "Asia-ch Junior Girls blitz"]
[Site "Delhi"]
[Date "2016.05.11"]
[Round "4.3"]
[White "Bala, Kannamma P"]
[Black "Hamedi Nia, Vesal"]
[Result "1-0"]
[WhiteElo "1971"]
[BlackElo "1893"]
[PlyCount "82"]
[EventDate "2016.05.11"]
[EventType "swiss (blitz)"]
[EventRounds "9"]
[EventCountry "IND"]
[SourceTitle "EXT 2022"]
[Source "ChessBase"]
[SourceDate "2021.10.06"]
[SourceVersion "1"]
[SourceVersionDate "2021.10.06"]
[SourceQuality "1"]

1. e4 c5 2. Nf3 e6 3. d4 cxd4 4. Nxd4 a6 5. c4 Qc7 6. a3 Nc6 7. Be3 Nf6 8. Nc3 d6 9. Be2 Be7 10. 0-0 0-0 11. Rc1 Bd7 12. Kh1 Rac8 13. f4 Ne8 14. Nd5 exd5 15. cxd5 Qd8 16. dxc6 bxc6 17. Bxa6 Rb8 18. b4 c5 19. bxc5 dxc5 20. Nf3 Qc7 21. Ne5 Be6 22. Bc4 Bxc4 23. Nxc4 Nf6 24. Qc2 Rfd8 25. Bg1 Ra8 26. e5 Nd5 27. f5 Bg5 28. Rcd1 Kh8 29. Nd6 Nf4 30. Qc4 Rf8 31. Rxf4 Bxf4 32. Qxf4 Rxa3 33. Rc1 Ra5 34. f6 Rg8 35. Qc4 gxf6 36. Nxf7+ Kg7 37. Nh6 Rf8 38. Nf5+ Kh8 39. e6 Rg8 40. Qc3 Rf8 41. e7 Rf7 1-0

[Event "Asia-ch U20 Girls"]
[Site "New Delhi"]
[Date "2016.05.10"]
[Round "8"]
[White "Uuriintuya, Uurtsaikh"]
[Black "Bala, Kannamma P"]
[Result "1-0"]
[WhiteElo "2172"]
[BlackElo "2040"]
[PlyCount "95"]
[EventDate "2016.05.04"]
[EventType "swiss"]
[EventRounds "9"]
[EventCountry "IND"]
[SourceTitle "CBM 172 Extra"]
[Source "ChessBase"]
[SourceDate "2016.06.21"]
[SourceVersion "1"]
[SourceVersionDate "2016.06.21"]
[SourceQuality "1"]

1. e4 c5 2. Nf3 e6 3. d4 cxd4 4. Nxd4 a6 5. Bd3 Nc6 6. Nxc6 dxc6 7. Nd2 Qc7 8. a4 Nf6 9. 0-0 Bd6 10. h3 Bf4 11. a5 0-0 12. Re1 e5 13. b3 Be6 14. Bb2 Rad8 15. Nf3 Nd7 16. Qe2 Rfe8 17. Red1 f6 18. Bc4 Nf8 19. Bc3 Kf7 20. Bb4 Rxd1+ 21. Rxd1 Rd8 22. g3 Rxd1+ 23. Qxd1 Bh6 24. Bxf8 Bxc4 25. Bxg7 Bxg7 26. bxc4 Bf8 27. Nh4 Qd6 28. Qh5+ Kg8 29. Qg4+ Kf7 30. Kg2 Qe6 31. Qe2 c5 32. Nf5 b6 33. axb6 Qxb6 34. Qh5+ Kg8 35. Qe8 Qb7 36. Qe6+ Qf7 37. Qxa6 h5 38. Ne3 Kg7 39. Qa8 Qc7 40. Nf5+ Kg8 41. Qd5+ Kh7 42. Qe6 Bg7 43. Qe8 h4 44. Qh5+ Kg8 45. Qxh4 Qb7 46. Qg4 Kh8 47. Nxg7 Qxg7 48. Qxg7+ 1-0

[Event "Asia-ch U20 Girls"]
[Site "New Delhi"]
[Date "2016.05.07"]
[Round "5"]
[White "Akshaya, Nandakumar"]
[Black "Bala, Kannamma P"]
[Result "0-1"]
[WhiteElo "1820"]
[BlackElo "2040"]
[PlyCount "64"]
[EventDate "2016.05.04"]
[EventType "swiss"]
[EventRounds "9"]
[EventCountry "IND"]
[SourceTitle "CBM 172 Extra"]
[Source "ChessBase"]
[SourceDate "2016.06.21"]
[SourceVersion "1"]
[SourceVersionDate "2016.06.21"]
[SourceQuality "1"]

1. e4 c5 2. b3 d6 3. Bb2 e5 4. g3 Nc6 5. Bg2 g6 6. f4 Bg7 7. Ne2 Nd4 8. Nxd4 cxd4 9. 0-0 Ne7 10. c3 Qb6 11. cxd4 exf4 12. Nc3 fxg3 13. hxg3 Bxd4+ 14. Kh1 Bd7 15. Qe2 0-0 16. Qd3 Qc5 17. Bf3 Qe5 18. Rab1 Bh3 19. Rg1 Nc6 20. Nd1 Qg7 21. Bxd4 Nxd4 22. Re1 Bd7 23. Nc3 Qh6+ 24. Kg1 Qxd2 25. Qxd2 Nxf3+ 26. Kf2 Nxd2 27. Rbd1 Rac8 28. Nd5 Rc2 29. Ke3 Nxe4 30. Ne7+ Kg7 31. Kxe4 Re8 32. Kf3 Be6 0-1